[Event "Olympiad Women 2024"]
[Site "Budapest HUN"]
[Date "2024.09.14"]
[Round "4.8"]
[Board "4"]
[White "Le Thanh Tu"]
[Black "Sargsyan, Anna M."]
[Result "0-1"]
[WhiteElo "2092"]
[BlackElo "2364"]
[PlyCount "110"]
[EventDate "2024.09.11"]
[WhiteTeam "Vietnam"]
[BlackTeam "Armenia"]
[WhiteTeamCountry "VIE"]
[BlackTeamCountry "ARM"]

1. d4 Nf6 2. c4 e6 3. g3 d5 4. Nf3 Bb4+ 5. Bd2 a5 6. Bg2 O-O 7. O-O dxc4 8. Qc2 Bxd2 9. Nbxd2 b5 10. a4 c6 11. e4 ({RR} 11. b3 cxb3 12. Nxb3 Ba6 13. Rfc1 bxa4 14. Nc5 Bb5 15. Nxa4 Nbd7 16. Nc3 Nd5 17. Qb2 Nxc3 18. Rxc3 a4 19. e3 Qa5 20. Nd2 Rfb8 21. Qc1 h6 22. Nc4 Qd8 23. Na3 Ra7 24. Rb1 Nf6 25. Rc5 Rab7 {1-0 Andreikin,D (2729)-Le,Q (2709) Chess.com Rapid Wk9 Swiss 2022 (3)}) 11... Na6 12. e5 Nb4 13. Qd1 $146 ({RR} 13. Qb1 Nfd5 14. Ne4 h6 15. Rd1 Qe7 16. Ra3 Bd7 17. Nc5 Na6 18. Nxd7 Qxd7 19. axb5 cxb5 20. Rxa5 Nab4 21. Rxa8 Rxa8 22. Nd2 Qa7 23. Ne4 Nd3 24. Bf1 Qxd4 25. Bxd3 cxd3 26. Qxd3 Qxb2 27. Nd6 b4 {0-1 Panelo Munoz,M (2383)-Delgado Ramirez,N (2614) Gijon 14th 2022 (5)}) ({RR} 13. Qb1 Nfd5 14. Ne4 h6 15. Rd1 Qb6 16. h4 Bb7 17. h5 Nd3 18. b3 N5b4 19. bxc4 bxc4 20. Nd6 Rad8 21. Nxc4 Qa6 22. Nd6 Rxd6 23. exd6 c5 24. Ne5 Bxg2 25. Kxg2 c4 26. d7 f6 27. Nxd3 cxd3 {0-1 Goncalves,D (2284)-Kollars,D (2632) Titled Tue 2nd Jan Late 2024 (1)}) ({RR} 13. Qb1 Nfd5 14. Ne4 h6 15. h4 Ba6 16. Rd1 Nd3 17. Bf1 N5b4 18. Nd6 Qb6 19. Rd2 Rad8 20. Qd1 Ra8 21. Qe2 bxa4 22. Qe4 c5 23. Bh3 Rad8 24. Bg2 f5 25. Qe3 Nd5 26. dxc5 Nxc5 27. Qe1 Nb3 {0-1 Li,X (2280)-Ning,K (2374) CHN-chT Div-A Rapid 2022 (5.1)}) 13... Nfd5 14. Ne4 h6 15. Qe2 bxa4 16. Rfb1 Ba6 17. Qd1 Bb5 18. Bf1 Rb8 19. Ra3 Nd3 20. Nd6 Qb6 21. Nxc4 Bxc4 22. Bxd3 Bb3 23. Qe2 Nb4 24. Raa1 Rfd8 25. Be4 Qb5 26. Re1 Bc4 27. Qe3 Bd5 28. Bb1 Bxf3 29. Qxf3 Rxd4 30. Qc3 c5 31. Bc2 Nxc2 32. Qxc2 Rc4 33. Qd2 Qb4 34. Qd7 Rd4 35. Qc6 Qb5 36. Qxb5 Rxb5 37. Re2 Rdb4 38. Ra2 g5 39. h3 h5 40. f3 Kg7 41. Kf2 Rd4 42. Kg2 Rb3 43. Ra1 Rdd3 44. Rf2 g4 45. hxg4 hxg4 46. Rxa4 gxf3+ 47. Kh3 Re3 48. Rxa5 Rxe5 49. g4 f5 50. gxf5 Rxf5 51. Kg3 Kf6 52. Kh2 Rb8 53. Kg1 Rh8 54. Rf1 Rg8+ 55. Kf2 Rg2+ 0-1

[Event "Olympiad Women 2024"]
[Site "Budapest HUN"]
[Date "2024.09.14"]
[Round "4.9"]
[Board "1"]
[White "Khamdamova, Afruza"]
[Black "Stefanova, Antoaneta"]
[Result "1-0"]
[WhiteElo "2313"]
[BlackElo "2416"]
[PlyCount "125"]
[EventDate "2024.09.11"]
[WhiteTeam "Uzbekistan"]
[BlackTeam "Bulgaria"]
[WhiteTeamCountry "UZB"]
[BlackTeamCountry "BUL"]

1. e4 e5 2. Nf3 Nc6 3. Bb5 a6 4. Ba4 Nge7 5. c3 Ng6 6. d4 exd4 7. cxd4 Bb4+ 8. Nc3 d5 9. exd5 Bxc3+ 10. bxc3 Qxd5 11. Qe2+ Qe6 12. Be3 O-O 13. O-O Nf4 $146 ({RR} 13... Na5 14. Ng5 Qg4 15. Qxg4 Bxg4 16. Rfe1 b6 17. h3 Bf5 18. Nf3 Be6 19. Nd2 Ne7 20. Bb3 Nxb3 21. axb3 Nd5 22. c4 Nb4 23. Rec1 c6 24. Ne4 h6 25. Bd2 a5 26. f3 Rfd8 27. Bc3 Nd3 28. Rd1 {0-1 Shandrygin,N (2209)-Grischuk,A (2708) Titled Tue 2nd Jul Late 2024 (7)}) 14. Qd1 Qg4 15. Bxf4 Qxf4 16. Bxc6 bxc6 17. Ne5 Qf6 18. Re1 Rb8 19. Qd2 Bf5 20. Qf4 Rb2 21. Nc4 Rb7 22. Na5 Rb2 23. Nc4 Rb7 24. h3 Be6 25. Qxf6 gxf6 26. Na5 Rb6 27. Re3 Rd8 28. Nb3 Bxb3 29. axb3 Rxb3 30. Rxa6 Rb6 31. Ra7 Rc8 32. Kh2 Kf8 33. Rf3 Kg7 34. Rf4 Rbb8 35. Kg3 Ra8 36. Rxa8 Rxa8 37. Rf5 Re8 38. Rc5 Re6 39. f4 f5 40. Kf3 Rf6 41. c4 Kf8 42. Re5 Rd6 43. Rxf5 Rxd4 44. Rc5 Rd6 45. Ke3 Ke7 46. Rh5 h6 47. g4 Kf8 48. c5 Re6+ 49. Re5 Rg6 50. f5 Rg8 51. Kf4 h5 52. f6 hxg4 53. hxg4 Rh8 54. Re7 Rh1 55. Rxc7 Kg8 56. Rxc6 Kh7 57. Kg5 Rd1 58. Rd6 Rc1 59. Rd5 Rc2 60. Kf5 Rc4 61. g5 Rc1 62. Ke5 Kg6 63. Kd6 1-0

[Event "Olympiad Women 2024"]
[Site "Budapest HUN"]
[Date "2024.09.14"]
[Round "4.9"]
[Board "2"]
[White "Salimova, Nurgyul"]
[Black "Omonova, Umida"]
[Result "1/2-1/2"]
[WhiteElo "2412"]
[BlackElo "2032"]
[PlyCount "120"]
[EventDate "2024.09.11"]
[WhiteTeam "Bulgaria"]
[BlackTeam "Uzbekistan"]
[WhiteTeamCountry "BUL"]
[BlackTeamCountry "UZB"]

1. d4 d5 2. Nf3 Nf6 3. Bf4 c5 4. e3 Nc6 5. Nbd2 e6 6. c3 cxd4 7. exd4 Nh5 8. Be3 Bd6 9. Ne5 Nf6 10. Nd3 ({RR} 10. Bf4 Qc7 11. Ndf3 O-O 12. Bd3 Ne4 13. Bg3 f6 14. Nxc6 bxc6 15. Qc2 Rb8 16. O-O Nxg3 17. Bxh7+ Kh8 18. hxg3 g5 19. Bd3 c5 20. g4 cxd4 21. Nxd4 Bc5 22. Nb3 Bb6 23. a4 Kg7 24. Bg6 a5 {½-½ Karjakin,S (2783)-Nakamura,H (2786) chess.com Speed 5m+2spm 2017 blitz (3.3)}) ({RR} 10. Bb5 Bd7 11. Nxd7 Qxd7 12. O-O O-O 13. Re1 a6 14. Bd3 e5 15. dxe5 Nxe5 16. Nf3 Nxd3 17. Qxd3 Rfe8 18. h3 Rac8 19. Rad1 Qa4 20. Bg5 Rxe1+ 21. Rxe1 Ne4 22. Qxd5 Re8 23. Rxe4 Qxe4 24. Qxd6 Qb1+ {1-0 Salimova,N (2412)-Francisco Guecamburu,C (2294) Swiss Queens Wed #28 2024 (10.33)}) 10... O-O 11. Be2 Re8 12. Qc2 $146 ({RR} 12. O-O e5 13. dxe5 Nxe5 14. Nxe5 Bxe5 15. Nf3 Bc7 16. Qb3 h6 17. Rfd1 a6 18. h3 Rb8 19. c4 Be6 20. Nd4 Qd6 21. Nf3 dxc4 22. Bxc4 Bxc4 23. Qxc4 Qe7 24. Rac1 Rbc8 25. Qb3 Bd6 26. Nd4 Qe5 {0-1 Tang,A (2502)-Nihal,S (2669) Bullet Chess Winners 2024 (2.26)}) ({RR} 12. f4 Bd7 13. Ne5 Qb6 14. Qb3 Ne7 15. O-O Bc6 16. Bd3 Nf5 17. Bf2 Rad8 18. Rae1 Bf8 19. g4 Nd6 20. Bh4 Be7 21. Bg3 Qa5 22. Nxc6 bxc6 23. Qc2 Nxg4 24. Bxh7+ Kh8 25. f5 Bg5 26. Nf3 Ne3 {1-0 Bhakti,K (2376)-Klaren,O (2003) 25th Hoogeveen Open 2022 (9.12)}) 12... Qc7 13. f4 Ne7 14. Ne5 b6 15. Bf3 Bb7 16. Bf2 Nd7 17. O-O-O f6 18. Nd3 Bxf4 19. Nxf4 Qxf4 20. Rde1 e5 21. Be3 Qf5 22. Qd1 Qe6 23. dxe5 fxe5 24. Bg4 Qc6 25. Nf3 Ng6 26. h4 Nf6 27. Bf5 Bc8 28. Bc2 Bg4 29. Bg5 d4 30. h5 Nxh5 31. Be4 Qc5 32. Qb3+ Be6 33. Qc2 Ng3 34. Bxg6 hxg6 35. Rxe5 Qd6 36. Rhe1 d3 37. Qd2 Qd7 38. Nd4 Bc4 39. b3 Ba6 40. Bf4 Nh5 41. Bg5 Rxe5 42. Rxe5 Qg4 43. Nf3 Rf8 44. Be7 Re8 45. Qg5 Qf4+ 46. Qxf4 Nxf4 47. Bg5 Ne6 48. Nd4 Kf7 49. Nxe6 Rxe6 50. Rxe6 Kxe6 51. g3 Kf5 52. Bf4 Bb7 53. Kd2 Ke4 54. c4 a6 55. a4 b5 56. cxb5 axb5 57. axb5 Kd5 58. Be3 Bc8 59. Kxd3 Bd7 60. b6 Ke5 1/2-1/2

[Event "Olympiad Women 2024"]
[Site "Budapest HUN"]
[Date "2024.09.14"]
[Round "4.9"]
[Board "3"]
[White "Malikova, Marjona"]
[Black "Radeva, Viktoria"]
[Result "1/2-1/2"]
[WhiteElo "2083"]
[BlackElo "2297"]
[PlyCount "75"]
[EventDate "2024.09.11"]
[WhiteTeam "Uzbekistan"]
[BlackTeam "Bulgaria"]
[WhiteTeamCountry "UZB"]
[BlackTeamCountry "BUL"]

1. d4 Nf6 2. c4 e6 3. Nc3 Bb4 4. Qc2 d6 5. Nf3 Nbd7 6. g3 e5 7. dxe5 dxe5 8. Bg2 O-O 9. O-O c6 10. a3 Be7 11. b3 Re8 12. Bb2 Qc7 13. Rfd1 Bf8 14. Nd2 $146 ({RR} 14. e3 a5 15. Nd2 Nc5 16. Nde4 Nfxe4 17. Nxe4 Nxe4 18. Bxe4 g6 19. Qc3 Bg4 20. Rd2 Rad8 21. Rxd8 Rxd8 22. Bg2 f6 23. h3 Be6 24. Bf1 a4 25. b4 Qd7 26. g4 h5 27. Be2 Qd2 28. Kf1 hxg4 {½-½ Korennoi,V (2227)-Faizrakhmanov,R (2421) Chigorin Memorial 25th 2017 (5)}) 14... a5 15. Rac1 Nc5 16. h3 Bd7 17. e3 Rad8 18. b4 axb4 19. axb4 Na6 20. b5 Nc5 21. Nb3 Nxb3 22. Qxb3 Be6 23. bxc6 bxc6 24. Qa4 Rxd1+ 25. Rxd1 Rb8 26. Rd2 Bd7 27. Ba3 Bxa3 28. Qxa3 Qc8 29. Qd6 Ra8 30. Kh2 Qe8 31. Qc7 Rc8 32. Qd6 Ra8 33. Ne4 Nxe4 34. Bxe4 Ra7 35. Rb2 Ra8 36. Rd2 Ra7 37. Rb2 Ra8 38. Rd2 1/2-1/2

[Event "Olympiad Women 2024"]
[Site "Budapest HUN"]
[Date "2024.09.14"]
[Round "4.9"]
[Board "4"]
[White "Peycheva, Gergana"]
[Black "Nadirjanova, Nodira"]
[Result "1/2-1/2"]
[WhiteElo "2248"]
[BlackElo "2059"]
[PlyCount "130"]
[EventDate "2024.09.11"]
[WhiteTeam "Bulgaria"]
[BlackTeam "Uzbekistan"]
[WhiteTeamCountry "BUL"]
[BlackTeamCountry "UZB"]

1. d4 d5 2. c4 c6 3. Nc3 Nf6 4. e3 Bf5 5. f3 h5 ({RR} 5... h6 6. g4 Bh7 7. Bd3 Bxd3 8. Qxd3 e6 9. Nge2 Nbd7 10. cxd5 cxd5 11. Bd2 a6 12. h4 b5 13. Kf2 Bd6 14. g5 Nh5 15. e4 dxe4 16. Nxe4 Be7 17. a4 Ne5 18. Qb3 Nc4 19. Bb4 f5 20. Bxe7 {1-0 Carlsen,M (2830)-Firouzja,A (2763) CCT Final Playoff 2023 (7.3)}) 6. Bd3 Bxd3 7. Qxd3 Nbd7 $146 ({RR} 7... e6 8. Nge2 dxc4 9. Qxc4 Nbd7 10. e4 Rc8 11. a4 Qa5 12. Bd2 Be7 13. O-O O-O 14. Rab1 e5 15. b4 Qc7 16. Be3 Rfd8 17. Rfd1 exd4 18. Nxd4 Ne5 19. Qe2 Ng6 20. Nf5 Rxd1+ 21. Qxd1 Bf8 22. a5 {1-0 Maghsoodloo,P (2701)-Harikrishna,P (2720) Olympiad-44 Chennai 2022 (10.1)}) ({RR} 7... dxc4 8. Qxc4 b5 9. Qb3 e6 10. Nge2 Be7 11. e4 Nbd7 12. e5 Ng8 13. O-O Nh6 14. Bxh6 Rxh6 15. f4 g6 16. a4 a6 17. a5 Kf8 18. Ne4 Kg7 19. Qc3 Rc8 20. b4 h4 21. h3 Qf8 22. Nc5 {1-0 Maghsoodloo,P (2723)-Van Foreest,J (2696) FIDE World Rapid Team 2024 (6.8)}) ({RR} 7... e6 8. Nge2 Bd6 9. Bd2 Nbd7 10. cxd5 cxd5 11. O-O-O Qb6 12. e4 Bb4 13. Kb1 O-O-O 14. Bf4 Nb8 15. Bg5 dxe4 16. fxe4 Nc6 17. Rc1 Kb8 18. e5 Ng4 19. Bxd8 Rxd8 20. Qf3 Nxd4 21. Nxd4 Rxd4 22. Qxf7 {1-0 Galperin,P (2566)-Lagunow,R (2413) World Rapid Team 2023 (10.3)}) 8. cxd5 cxd5 9. e4 e6 10. Nge2 Nb6 11. O-O Be7 12. Bf4 O-O 13. Rac1 a6 14. Rc2 Qd7 15. Bg5 Rfc8 16. e5 Ne8 17. Bxe7 Qxe7 18. Rfc1 Rc7 19. Nf4 h4 20. g3 Rac8 21. Ng2 hxg3 22. hxg3 Nc4 23. Nf4 Qg5 24. Kf2 g6 25. Nd1 Qe7 26. b3 Na3 27. Rxc7 Rxc7 28. Rxc7 Nxc7 29. Ne3 Ncb5 30. Ng4 Qb4 31. Ne2 Kf8 32. Ne3 Na7 33. Nc2 Nxc2 34. Qxc2 Nc6 35. Ke3 Kg7 36. Qc1 a5 37. Qc3 Qa3 38. Nc1 Nb4 39. Qd2 a4 40. Ke2 Nc6 41. bxa4 Nxd4+ 42. Qxd4 Qxc1 43. g4 Qc2+ 44. Ke3 Qxa2 45. Qf4 Kg8 46. Kd3 Qb2 47. Qf6 Qb3+ 48. Ke2 Qc4+ 49. Kf2 Qc7 50. Ke3 Kf8 51. Kf2 Ke8 52. Kg2 Qe7 53. Qh8+ Qf8 54. Qh1 Qb4 55. Qh8+ Qf8 56. Qh1 g5 57. Qc1 Qb4 58. Qc8+ Ke7 59. Qc7+ Ke8 60. Qc8+ Ke7 61. Qc7+ Kf8 62. Qd8+ Kg7 63. Qxg5+ Kf8 64. Qd8+ Kg7 65. Qf6+ Kf8 1/2-1/2

[Event "Olympiad Women 2024"]
[Site "Budapest HUN"]
[Date "2024.09.14"]
[Round "4.10"]
[Board "1"]
[White "Dzagnidze, Nana"]
[Black "Tsolakidou, Stavroula"]
[Result "1/2-1/2"]
[WhiteElo "2508"]
[BlackElo "2444"]
[PlyCount "93"]
[EventDate "2024.09.11"]
[WhiteTeam "Georgia"]
[BlackTeam "Greece"]
[WhiteTeamCountry "GEO"]
[BlackTeamCountry "GRE"]

1. d4 Nf6 2. c4 g6 3. Nc3 Bg7 4. Nf3 O-O 5. g3 d6 6. Bg2 Nbd7 7. O-O e5 8. h3 Re8 9. e4 b6 10. Be3 exd4 11. Nxd4 Bb7 12. f3 ({RR} 12. Qc2 Nc5 13. Nd5 Ncxe4 14. Nxf6+ Bxf6 15. Rfe1 Qd7 16. Rad1 Nc5 17. Bxb7 Nxb7 18. Kh2 Nc5 19. Ne2 Ne6 20. Nc3 Ng5 21. Bxg5 Bxg5 22. Ne4 Qf5 23. Re2 Re6 24. Rd5 Re5 25. Nxg5 Rxd5 26. cxd5 Qxg5 {1-0 Mitrabha,G (2540)-Cabarkapa,N (2444) Titled Tue 25th Jun Early 2024 (3)}) 12... c6 13. Bf2 a6 $146 ({RR} 13... Qc7 14. Rc1 Rad8 15. b4 Ne5 16. Nce2 Qb8 17. b5 c5 18. Nb3 a6 19. a4 axb5 20. axb5 d5 21. cxd5 Nxd5 22. exd5 Bxd5 23. Nd2 Nd3 24. Ra1 Bxa1 25. Qxa1 Rxe2 26. Qc3 Nxf2 27. Rxf2 Rxf2 28. Kxf2 {0-1 Cerveny,M (2411)-Praggnanandhaa,R (2608) World Corporate East E rapid 2021 (4.1)}) 14. a4 a5 15. f4 Qc7 16. Qc2 Nc5 17. Rad1 Rad8 18. g4 Nfd7 19. g5 Na6 20. h4 Nb4 21. Qb1 Ba6 22. b3 d5 23. exd5 Qxf4 24. dxc6 Nc5 25. Nde2 Qg4 26. Rxd8 Rxd8 27. Bxc5 bxc5 28. Qe4 Qxe4 29. Nxe4 Nxc6 30. Nf6+ Bxf6 31. Rxf6 Nb4 32. Nc3 Bc8 33. Ne4 Nd3 34. Rd6 Rxd6 35. Nxd6 Bg4 36. Nb7 Bd1 37. Nxa5 Nc1 38. Nb7 Bxb3 39. a5 Bxc4 40. Nxc5 Ne2+ 41. Kf2 Nd4 42. a6 Bxa6 43. Nxa6 Nf5 44. Nc7 Nxh4 45. Bd5 Nf5 46. Ne8 h6 47. gxh6 1/2-1/2

[Event "Olympiad Women 2024"]
[Site "Budapest HUN"]
[Date "2024.09.14"]
[Round "4.10"]
[Board "2"]
[White "Avramidou, Anastasia"]
[Black "Javakhishvili, Lela"]
[Result "1/2-1/2"]
[WhiteElo "2290"]
[BlackElo "2446"]
[PlyCount "79"]
[EventDate "2024.09.11"]
[WhiteTeam "Greece"]
[BlackTeam "Georgia"]
[WhiteTeamCountry "GRE"]
[BlackTeamCountry "GEO"]

1. d4 Nf6 2. c4 e6 3. Nf3 d5 4. g3 Bb4+ 5. Bd2 a5 6. Bg2 O-O 7. O-O dxc4 8. Qc2 b5 9. a4 Bxd2 10. Nfxd2 c6 11. axb5 Nd5 12. Qxc4 cxb5 13. Qxb5 Ba6 14. Qxa5 Nc6 ({RR} 14... Qxa5 15. Rxa5 Nc6 16. Bxd5 exd5 17. Rxd5 Bxe2 18. Re1 Bg4 19. Nc3 Nb4 20. Rg5 f5 21. f3 h6 22. Rg6 Bh5 23. Rd6 Rfd8 24. Rxd8+ Rxd8 25. Nb3 Bxf3 26. Re5 Bg4 27. Rb5 Nd3 28. Nd5 Re8 29. Nf4 {½-½ Ishvi,A (1958)-Gibala,A (2171) Najdorf Mem Open A 2024 (2.19)}) 15. Qxd8 $146 ({RR} 15. Qc5 Ncb4 16. Bxd5 Nxd5 17. Re1 Qd7 18. Nc4 Rfc8 19. Nb6 Nxb6 20. Qxb6 Bb7 21. Rxa8 Bxa8 22. Nc3 h5 23. h4 Qe8 24. Qa5 Qd7 25. Qxh5 Qb7 26. d5 exd5 27. e4 dxe4 28. Nxe4 Rf8 29. f3 Qxb2 {½-½ Szotkowski,J (2342)-Barski,R (2441) POL-chT 1st League 2022 (3.4)}) 15... Rfxd8 16. Nb3 Bxe2 17. Rxa8 Rxa8 18. Rc1 Nce7 19. Nc3 Bg4 20. Nxd5 Nxd5 21. Nc5 h5 22. Be4 Be2 23. Nd3 Rb8 24. Bxd5 Bxd3 25. Bf3 Bg6 26. Rc5 h4 27. gxh4 Rxb2 28. h5 Bf5 29. Kg2 Rd2 30. d5 exd5 31. Rxd5 Rxd5 32. Bxd5 Bg4 33. Bf3 Be6 34. Kg3 Kh7 35. Kh4 Kh6 36. Be2 f6 37. Bf3 Bf7 38. Be2 Be6 39. Bf3 Bf7 40. Be2 1/2-1/2

[Event "Olympiad Women 2024"]
[Site "Budapest HUN"]
[Date "2024.09.14"]
[Round "4.10"]
[Board "3"]
[White "Batsiashvili, Nino"]
[Black "Pavlidou, Ekaterini"]
[Result "1-0"]
[WhiteElo "2461"]
[BlackElo "2141"]
[PlyCount "159"]
[EventDate "2024.09.11"]
[WhiteTeam "Georgia"]
[BlackTeam "Greece"]
[WhiteTeamCountry "GEO"]
[BlackTeamCountry "GRE"]

1. d4 Nf6 2. Nf3 e6 3. Bf4 c5 4. e3 Nh5 5. Bg5 Qb6 6. Nbd2 ({RR} 6. Nc3 h6 7. Bh4 g5 8. Ne5 Ng7 9. Bg3 Nf5 10. Nc4 Qd8 11. dxc5 Nxg3 12. hxg3 Bxc5 13. Ne4 Be7 14. Ncd6+ Kf8 15. Qd4 Rh7 16. O-O-O Nc6 17. Qc3 f5 18. Nc5 Bxd6 19. Rxd6 Qe7 20. Qd2 b6 {1-0 Wan,J (2149)-Lorenzo de la Riva,L (2430) Titled Tuesday intern op 23rd Aug Late blitz 2022 (5)}) 6... h6 7. Bh4 cxd4 8. Nxd4 g5 $146 ({RR} 8... Nf6 9. Nc4 Qc5 10. Nb3 Qh5 11. Qxh5 Nxh5 12. Be2 Nf6 13. Bxf6 gxf6 14. e4 b5 15. Ne3 Bb7 16. Bxb5 Bxe4 17. O-O-O Rg8 18. f3 Bc6 19. Bd3 h5 20. Rhf1 a5 21. Kb1 f5 22. g3 f4 23. gxf4 {1-0 Orlov,P (2280)-Certic,B (2370) Belgrade-chT 2007 (4)}) 9. Nc4 Qc5 10. Qxh5 gxh4 11. Qxc5 Bxc5 12. Nb5 Na6 13. Ncd6+ Ke7 14. O-O-O Bb6 15. Be2 Nc5 16. a3 a6 17. Nc4 Bd8 18. Nbd6 f6 19. Bf3 Rb8 20. b4 Na4 21. Rd4 b5 22. Nb2 Nb6 23. Rhd1 Bc7 24. Nxc8+ Rbxc8 25. Rxh4 Be5 26. Nd3 d5 27. Nxe5 fxe5 28. e4 d4 29. Be2 Rhf8 30. f4 exf4 31. Rxd4 e5 32. Rd3 Rc6 33. Rh5 Nc4 34. Rc3 Rg8 35. Bxc4 Rxc4 36. Rxc4 bxc4 37. Rxe5+ Kd6 38. Rf5 Rxg2 39. h4 Rf2 40. Kb2 Rf3 41. h5 Ke6 42. a4 Ke7 43. b5 axb5 44. axb5 Kd6 45. b6 Kc6 46. Rf6+ Kb7 47. Rxh6 Rh3 48. Rf6 Rxh5 49. Ka3 Rb5 50. Rxf4 Kxb6 51. Rf6+ Kb7 52. Rf5 Rb1 53. Rc5 Kb6 54. Rxc4 Kb5 55. Rd4 Kc5 56. c3 Re1 57. Kb3 Re2 58. Rc4+ Kb5 59. Rb4+ Kc5 60. Rd4 Kb5 61. c4+ Kc6 62. Kc3 Re3+ 63. Kd2 Rh3 64. Rd3 Rh2+ 65. Kc3 Kc5 66. Rd5+ Kc6 67. Kd4 Rd2+ 68. Ke5 Rc2 69. Rd6+ Kc7 70. Rd4 Kc6 71. Ke6 Kc5 72. Rd8 Re2 73. e5 Kxc4 74. Kf6 Rf2+ 75. Ke7 Kc5 76. e6 Kc6 77. Ke8 Kc7 78. e7 Rf1 79. Rd4 Ra1 80. Rf4 1-0

[Event "Olympiad Women 2024"]
[Site "Budapest HUN"]
[Date "2024.09.14"]
[Round "4.10"]
[Board "4"]
[White "Markantonaki, Haritomeni"]
[Black "Melia, Salome"]
[Result "0-1"]
[WhiteElo "2179"]
[BlackElo "2293"]
[PlyCount "78"]
[EventDate "2024.09.11"]
[WhiteTeam "Greece"]
[BlackTeam "Georgia"]
[WhiteTeamCountry "GRE"]
[BlackTeamCountry "GEO"]

1. e4 c5 2. Nf3 Nc6 3. Bb5 g6 4. O-O Bg7 5. c3 Nf6 6. Re1 O-O 7. h3 e5 8. d3 d6 9. Nbd2 Qc7 ({RR} 9... h6 10. Nf1 Be6 11. Ng3 Rc8 12. Ba4 Nd7 13. Bb3 Re8 14. Be3 a6 15. a3 b5 16. Bxe6 Rxe6 17. b4 Nb6 18. h4 Na4 19. Qb3 h5 20. Rac1 Qd7 21. Nf1 Ree8 22. Ng5 Rc7 23. Bd2 Nb6 24. Qa2 {½-½ Artemiev,V (2746)-Le,Q (2708) FIDE World Cup 2019 (3.6)}) ({RR} 9... Bd7 10. a3 a6 11. Bc4 b5 12. Ba2 a5 13. Nf1 a4 14. Ne3 Be6 15. Bd2 Bxa2 16. Rxa2 d5 17. Qc2 Rc8 18. Raa1 Nd4 19. cxd4 cxd4 20. Qd1 dxe3 21. Rxe3 Bh6 22. Re2 Bxd2 23. Rxd2 Qd6 24. Qe2 {1-0 Guerra Mendez,J (2484)-Yagupov,I (2232) Titled Tue 18th Jun Early 2024 (9)}) 10. a3 a6 11. Ba4 $146 ({RR} 11. Bc4 Nh5 12. Nf1 b5 13. Ba2 Nf4 14. Ng3 Be6 15. Bxf4 exf4 16. Ne2 Bxa2 17. Rxa2 Bh6 18. c4 b4 19. axb4 Nxb4 20. Ra3 Rab8 21. Nc3 Rfe8 22. Nd5 Nxd5 23. exd5 Bg7 24. Rxe8+ Rxe8 25. Rxa6 Bxb2 {1-0 Koziak,V (2509)-Cawdery,D (2395) Lille Luce op 5th 2014 (4)}) 11... b5 12. Bc2 h6 13. b4 Be6 14. Bb2 Nh5 15. Nf1 Nf4 16. Ne3 Rfd8 17. d4 exd4 18. cxd4 Qa7 19. Qd2 Nxd4 20. Nxd4 cxd4 21. Nf1 Be5 22. Rad1 d3 23. Bb1 Ne2+ 24. Rxe2 dxe2 25. Qxe2 Qe7 26. Ne3 Qf6 27. Bc1 Rac8 28. g3 Rc3 29. Kg2 Rdc8 30. Bd2 Rxa3 31. f4 Bd4 32. f5 Bc4 33. Nxc4 bxc4 34. Bxh6 Be5 35. Bf4 Bxf4 36. gxf4 Qh4 37. Qg4 Qxg4+ 38. hxg4 c3 39. Rc1 c2 0-1

[Event "Olympiad Women 2024"]
[Site "Budapest HUN"]
[Date "2024.09.14"]
[Round "4.11"]
[Board "1"]
[White "Bulmaga, Irina"]
[Black "Kashlinskaya, Alina"]
[Result "1/2-1/2"]
[WhiteElo "2406"]
[BlackElo "2490"]
[PlyCount "132"]
[EventDate "2024.09.11"]
[WhiteTeam "Romania"]
[BlackTeam "Poland"]
[WhiteTeamCountry "ROU"]
[BlackTeamCountry "POL"]

1. e4 e5 2. Nf3 Nc6 3. Bc4 Nf6 4. d3 Be7 5. Nc3 O-O 6. a3 d6 7. Be3 Nd7 ({RR} 7... Be6 8. Nd5 Bxd5 9. exd5 Nb8 10. a4 c6 11. dxc6 bxc6 12. Ba2 Nbd7 13. O-O d5 14. c3 a5 15. Qc2 Re8 16. b4 axb4 17. cxb4 Bxb4 18. Qxc6 Qa5 19. Bb3 Rac8 20. Qb5 Qxb5 21. axb5 Rb8 22. Rfc1 {½-½ Firouzja,A (2767)-Carlsen,M (2832) SpeedChess Final 2024 (2.10)}) 8. Ba2 Nb6 9. Ne2 Kh8 $146 ({RR} 9... Be6 10. Bxe6 fxe6 11. h4 d5 12. Ng3 h6 13. Ng1 Kh8 14. Qg4 Nd4 15. Bxd4 exd4 16. Nf3 Bd6 17. Nh5 Qd7 18. e5 Rxf3 19. gxf3 Bxe5 20. f4 Bd6 21. Rg1 Bf8 22. Kf1 Qf7 23. Re1 Re8 24. Qg6 {1-0 So,W (2752)-Naiditsch,A (2643) 45th Olympiad 2024 (3.1)}) 10. h4 f5 11. Ng5 Bxg5 12. hxg5 Qe8 13. exf5 Bxf5 14. Ng3 Bg6 15. Qg4 Nd4 16. O-O-O c5 17. Rh2 d5 18. Rdh1 Kg8 19. Ne4 Qc8 20. Qxc8 Raxc8 21. Nc3 c4 22. Kd2 Nxc2 23. Bxb6 axb6 24. Kxc2 Rxf2+ 25. Kc1 cxd3 26. Bxd5+ Bf7 27. Bxf7+ Kxf7 28. g3 Rf3 29. Kd2 Rxg3 30. Rh3 Rg2+ 31. Kxd3 Rxb2 32. Rb1 Rxc3+ 33. Kxc3 Rxb1 34. Rxh7 Kg6 35. Rh2 Kxg5 36. Rg2+ Kf6 37. Rf2+ Ke6 38. Rg2 Rc1+ 39. Kd3 Rc7 40. Rg6+ Kd5 41. Rxb6 e4+ 42. Ke3 Rc3+ 43. Ke2 Rxa3 44. Rxb7 g5 45. Rb5+ Kd4 46. Rxg5 Ra2+ 47. Ke1 Kd3 48. Re5 Ke3 49. Kf1 Ra1+ 50. Kg2 Re1 51. Ra5 Rd1 52. Re5 Rd8 53. Kf1 Rf8+ 54. Ke1 Ra8 55. Kf1 Ra1+ 56. Kg2 Kd3 57. Kf2 Ra2+ 58. Kf1 Ra7 59. Kf2 Rf7+ 60. Ke1 Ke3 61. Ra5 Rd7 62. Ra8 Rd3 63. Rh8 Rc3 64. Rh3+ Kd4 65. Rxc3 Kxc3 66. Ke2 Kd4 1/2-1/2

[Event "Olympiad Women 2024"]
[Site "Budapest HUN"]
[Date "2024.09.14"]
[Round "4.11"]
[Board "2"]
[White "Socko, Monika"]
[Black "Sandu, Mihaela"]
[Result "1-0"]
[WhiteElo "2422"]
[BlackElo "2248"]
[PlyCount "87"]
[EventDate "2024.09.11"]
[WhiteTeam "Poland"]
[BlackTeam "Romania"]
[WhiteTeamCountry "POL"]
[BlackTeamCountry "ROU"]

1. d4 Nf6 2. c4 e6 3. Nc3 Bb4 4. Bd2 b6 5. a3 Bxc3 6. Bxc3 O-O 7. Nf3 Ne4 8. Qc2 Bb7 9. e3 Nxc3 10. Qxc3 d6 ({RR} 10... Bxf3 11. gxf3 Qf6 12. Be2 Nc6 13. f4 Rad8 14. Bf3 Ne7 15. h4 c5 16. d5 Qxc3+ 17. bxc3 d6 18. a4 e5 19. fxe5 dxe5 20. a5 Nc8 21. axb6 axb6 22. Be2 Nd6 23. f3 e4 24. f4 Ra8 25. Kf2 {½-½ Pham Le Thao Nguyen (2395)-Cori T.,D (2367) WSCC Speed Play-In 4 2024 (2)}) 11. h4 $146 ({RR} 11. Be2 Nd7 12. O-O f5 13. Nd2 e5 14. d5 Qh4 15. f4 e4 16. b4 Rf6 17. g3 Rg6 18. Rf2 Qe7 19. Nb3 Nf6 20. Nd4 Bc8 21. Bd1 Bd7 22. Rc1 h5 23. Rg2 h4 24. gxh4 Rxg2+ 25. Kxg2 Ng4 {1-0 Antonelli,M (2075)-Vertechi,P (1669) Rome Elo op 1st 2008 (7)}) ({RR} 11. O-O-O Nd7 12. Kb1 Qe7 13. Bd3 c5 14. d5 e5 15. Qc2 Nf6 16. Nd2 b5 17. Ne4 Nxe4 18. Bxe4 g6 19. Bd3 bxc4 20. Bxc4 Rab8 21. Ka1 Bc8 22. f3 Bd7 23. b3 Bb5 24. Rb1 a5 25. Qe2 Qd7 {0-1 Colovic,U-Vuckovic,M (2009) MNT-ch U20 Pljevlja 2019 (7)}) 11... Nd7 12. O-O-O a5 13. Bd3 Bxf3 14. gxf3 Qf6 15. Qc2 Qh6 16. f4 c5 17. Be4 Rac8 18. d5 e5 19. Bf5 Rcd8 20. Bxd7 Rxd7 21. fxe5 dxe5 22. Qf5 Qd6 23. Rhg1 f6 24. h5 a4 25. Rg4 Kh8 26. Qc2 Ra7 27. f4 exf4 28. Rxf4 Re8 29. h6 gxh6 30. Qf5 Rf7 31. Qh5 Ref8 32. Qxh6 Rg7 33. Re4 Rg6 34. Qh5 Rfg8 35. Re6 Qg3 36. Rh1 R6g7 37. Qf5 Qg2 38. Rd1 Qe2 39. Qxf6 Qxc4+ 40. Kb1 Qb3 41. Rh1 Qd3+ 42. Ka1 Qg6 43. Qe5 Qd3 44. Rg1 1-0